La Communauté de l'Anneau - Le monologue de Galadriel - Statistiques

Statistiques générales
  • Ce quiz a été pris 63 fois
  • Le résultat moyen est 21 sur 28
Statistiques - réponses
Citations % Correct
«Tout commença lorsque les grands {anneaux} furent forgés.
100%
Trois furent donnés aux {Elfes},
100%
Sept, aux seigneurs {nains},
96%
L'ultime alliance des {Hommes} et des Elfes entra en guerre contre les armées du Mordor.
89%
L'une après l'autre, les contrées libres de la {Terre} du Milieu tombèrent sous l'emprise de l'Anneau,
89%
Et sur les versants de la {Montagne} du Destin,
87%
ils se battirent pour libérer la Terre du {Milieu}.
87%
Et {neuf}, {neuf} anneaux furent donnés à la race des Hommes,
85%
qui par-dessus tout désirait le {pouvoir}.
85%
Car un autre anneau fut {forgé}.
83%
dans les flammes de la Montagne du {Destin},
83%
Sur les terres du {Mordor},
83%
Un anneau pour les {gouverner} tous.
83%
immortels, les plus {sages} et les plus respectables de tous les êtres.
80%
Sauron, le {Seigneur} des Ténèbres,
80%
et sa volonté de dominer toute {vie}.
78%
mais il en fut certaines qui {résistèrent}.
76%
s'empara de l'{épée} de son père.
76%
Qu'{Isildur}, le fils du roi,
74%
{Sauron}, l'ennemi des peuples libres de la Terre du Milieu, fut vaincu.»
74%
Ce fut à ce moment précis, alors que tout {espoir} avait disparu,
72%
forgea en {secret} un maître anneau, pour gouverner tous les autres.
72%
La victoire était {proche},
57%
Mais il furent tous {dupés}...
57%
grands {mineurs} et sculpteurs de la montagne.
54%
mais le pouvoir de l'Anneau ne pouvait être {vaincu}.
54%
Car à travers ces anneaux furent transmises la force et la volonté de gouverner chaque {race}.
48%
Dans cet anneau, il déversa sa {cruauté}, sa malveillance,
24%
Aucun quiz correspondant
Distribution des résultats
% des personnes avec chaque résultat
Percentile par nombre de réponses
Votre historique - résultats
Vous n’avez pas pris ce quiz